| 000 | 00709nam a2200229 u 4500 | ||
|---|---|---|---|
| 005 | 20240815063732.0 | ||
| 008 | 180419s2004 r 000 0 eng d | ||
| 020 | _a9780618323487 (13 dígitos) | ||
| 020 | _a0618323481 (10 dígitos) | ||
| 035 | _aUPN01000224254 | ||
| 049 | _aI | ||
| 050 | 4 |
_aQL696 F3.2 _bC3.7 |
|
| 100 | 1 |
_aCarson, Mary Kay _942888 |
|
| 245 | 1 | 3 |
_aEl regreso del águila calva / _cpor Mary Kay Carson. |
| 260 |
_aBoston, E.U.A. : _bHoughton Mifflin Company, _cc2004. |
||
| 300 |
_a24 p. : _bil. |
||
| 440 | 0 | _aLibros graduables | |
| 650 | 4 |
_aAGUILAS - _vLITERATURA INFANTIL _912505 |
|
| 650 | 4 |
_aAnimales _xHábitos y comportamiento _91059 |
|
| 905 | _aInfantil | ||
| 999 |
_c196351 _d196351 |
||